| 000 | 00629nam a2200253 a 4500 | ||
|---|---|---|---|
| 999 |
_c5093 _d5093 |
||
| 001 | 5093 | ||
| 003 | BD-JhCC | ||
| 005 | 20171209110823.0 | ||
| 008 | 171209s1983 u |||| || | 001 0 eng d | ||
| 020 | _a0891587950 | ||
| 035 | _a(BD-JhCC)5093 | ||
| 040 |
_aBD-JhCC _dBD-JhCC |
||
| 041 | _aeng | ||
| 082 |
_a940.5421 _bERI 1983 |
||
| 100 | _aErickson, John | ||
| 245 |
_aThe Road to Berlin / _cJohn Erickson, |
||
| 260 |
_aUSA : _bWestview Press, _c1983. |
||
| 300 |
_a877 p. : _c24 cm. |
||
| 504 | _aBibliography | ||
| 650 |
_aWorld War _y1939-1945 |
||
| 650 | _aMilitary Campaigns | ||
| 942 |
_2ddc _cBK |
||